MARC details
| 000 -LEADER |
| fixed length control field |
02841cam a2200421 i 4500 |
| 001 - CONTROL NUMBER |
| control field |
18190253 |
| 003 - CONTROL NUMBER IDENTIFIER |
| control field |
OSt |
| 005 - DATE AND TIME OF LATEST TRANSACTION |
| control field |
20260410073705.0 |
| 008 - FIXED-LENGTH DATA ELEMENTS--GENERAL INFORMATION |
| fixed length control field |
140617s2013 nyua b 001 0 eng d |
| 010 ## - LIBRARY OF CONGRESS CONTROL NUMBER |
| LC control number |
2013498232 |
| 020 ## - INTERNATIONAL STANDARD BOOK NUMBER |
| International Standard Book Number |
9780465031252 |
| Qualifying information |
hardback |
| 020 ## - INTERNATIONAL STANDARD BOOK NUMBER |
| International Standard Book Number |
0465031250 |
| Qualifying information |
hardback |
| 035 ## - SYSTEM CONTROL NUMBER |
| System control number |
18190253 |
| 035 ## - SYSTEM CONTROL NUMBER |
| System control number |
(OCoLC)853310546 |
| 040 ## - CATALOGING SOURCE |
| Original cataloging agency |
YDXCP |
| Language of cataloging |
eng |
| Transcribing agency |
YDXCP |
| Description conventions |
rda |
| Modifying agency |
BTCTA |
| -- |
BDX |
| -- |
JST |
| -- |
CGP |
| -- |
IMF |
| -- |
XII |
| -- |
MNW |
| -- |
MOU |
| -- |
SRC |
| -- |
CZA |
| -- |
DEBBG |
| -- |
OCLCQ |
| -- |
DLC |
| 042 ## - AUTHENTICATION CODE |
| Authentication code |
lccopycat |
| 043 ## - GEOGRAPHIC AREA CODE |
| Geographic area code |
d------ |
| 050 00 - LIBRARY OF CONGRESS CALL NUMBER |
| Classification number |
HD87 |
| Item number |
.E237 2013 |
| 082 00 - DEWEY DECIMAL CLASSIFICATION NUMBER |
| Classification number |
339.4/6091724 |
| Edition number |
23 |
| 084 ## - OTHER CLASSIFICATION NUMBER |
| Classification number |
QX 040 |
| Number source |
rvk |
| 100 1# - MAIN ENTRY--PERSONAL NAME |
| Personal name |
Easterly, William, |
| Dates associated with a name |
1957- |
| 245 14 - TITLE STATEMENT |
| Title |
The tyranny of experts : |
| Remainder of title |
economists, dictators, and the forgotten rights of the poor / |
| Statement of responsibility, etc. |
William Easterly. |
| 264 #1 - PRODUCTION, PUBLICATION, DISTRIBUTION, MANUFACTURE, AND COPYRIGHT NOTICE |
| Place of production, publication, distribution, manufacture |
New York : |
| Name of producer, publisher, distributor, manufacturer |
Basic Books, a member of the Perseus Book Group, |
| Date of production, publication, distribution, manufacture, or copyright notice |
[2013] |
| 264 #4 - PRODUCTION, PUBLICATION, DISTRIBUTION, MANUFACTURE, AND COPYRIGHT NOTICE |
| Date of production, publication, distribution, manufacture, or copyright notice |
©2013 |
| 300 ## - PHYSICAL DESCRIPTION |
| Extent |
viii, 394 pages : |
| Other physical details |
illustrations ; |
| Dimensions |
25 cm |
| 336 ## - CONTENT TYPE |
| Content type term |
text |
| Content type code |
txt |
| Source |
rdacontent |
| 337 ## - MEDIA TYPE |
| Media type term |
unmediated |
| Media type code |
n |
| Source |
rdamedia |
| 338 ## - CARRIER TYPE |
| Carrier type term |
volume |
| Carrier type code |
nc |
| Source |
rdacarrier |
| 504 ## - BIBLIOGRAPHY, ETC. NOTE |
| Bibliography, etc. note |
Includes bibliographical references (pages 355-380) and index. |
| 505 0# - FORMATTED CONTENTS NOTE |
| Formatted contents note |
pt. 1. The debate that never happened. Introduction -- Two Nobel Laureates and the debate they never had -- pt. 2. Why the debate never happened : the real history of the development idea. Once upon a time in China -- Race, war, and the fate of Africa -- One day in Bogotá -- pt. 3. The blank slate versus learning from history. Values : the long struggle for individual rights -- Institutions : we oppress them if we can -- The majority dream -- pt. 4. Nations versus individuals. Homes or prisons? : Nations and migrations -- How much do nations matter? -- pt. 5. Conscious design versus spontaneous solutions. Markets : the association of problem-solvers -- Technology : how to succeed without knowing how -- Leaders : how we are seduced by benevolent autocrats -- Conclusion. |
| 520 ## - SUMMARY, ETC. |
| Summary, etc. |
Over the last century, global poverty has largely been viewed as a technical problem that merely requires the right "expert" solutions. Yet all too often, experts recommend solutions that fix immediate problems without addressing the systemic political factors that created them in the first place. Further, they produce an accidental collusion with "benevolent autocrats," leaving dictators with yet more power to violate the rights of the poor. |
| 650 #0 - SUBJECT ADDED ENTRY--TOPICAL TERM |
| Topical term or geographic name entry element |
Economic policy. |
| 650 #0 - SUBJECT ADDED ENTRY--TOPICAL TERM |
| Topical term or geographic name entry element |
Economic policy |
| General subdivision |
Social aspects |
| Geographic subdivision |
Developing countries. |
| 650 #0 - SUBJECT ADDED ENTRY--TOPICAL TERM |
| Topical term or geographic name entry element |
Poverty |
| General subdivision |
Economic aspects |
| Geographic subdivision |
Developing countries. |
| 906 ## - LOCAL DATA ELEMENT F, LDF (RLIN) |
| a |
7 |
| b |
cbc |
| c |
copycat |
| d |
2 |
| e |
ncip |
| f |
20 |
| g |
y-gencatlg |
| 942 ## - ADDED ENTRY ELEMENTS (KOHA) |
| Source of classification or shelving scheme |
Library of Congress Classification |
| Koha item type |
Normal Collection |
| Suppress in OPAC |
No |